Dobývání znalostí z databází

Gespeichert in:
Bibliographische Detailangaben
1. Verfasser: Berka, Petr (Verfasst von)
Format: Paket Buch
Sprache:Tschechisch
Veröffentlicht: Praha : Academia, 2003
Ausgabe:1. vyd
Schlagworte:
Online-Zugang:OBSAH
Tags: Tag hinzufügen
Keine Tags, Fügen Sie das erste Tag hinzu!

MARC

LEADER 00000npm a22000003a 4500
001 stu87232
005 20150617225628.7
008 040527s2003----xr------------------cze-d
040 |a STU  |b slo 
041 0 |a cze 
044 |a xr 
080 |a 004.652 
080 |a 004.891:004.41 
100 1 |a Berka, Petr  |4 aut 
245 1 |a Dobývání znalostí z databází 
250 |a 1. vyd 
260 |a Praha :  |b Academia,  |c 2003 
650 7 |a inžinierstvo znalostné  |2 stusub 
650 7 |a databázy  |2 stusub 
856 4 |a https://sweb.mtf.stuba.sk/obsahy/dobyvani_ynalosti_z_databazi_03.pdf  |u https://sweb.mtf.stuba.sk/obsahy/dobyvani_ynalosti_z_databazi_03.pdf  |3 OBSAH 
996 |b 284M057679  |c M*CD-479  |l MMKN  |s A  |a 24  |w stu87232_0001 
996 |b 284M057680  |c M*CD-480  |l MMKN  |s A  |a 24  |w stu87232_0002